| 000 | 01894nam a2200337Ia 4500 | ||
|---|---|---|---|
| 999 |
_c55051 _d55051 |
||
| 001 | 22126 | ||
| 003 | GE_BSU | ||
| 005 | 20221111155208.0 | ||
| 008 | 181216s ||||ge |||||||||||||| ||geo|| | ||
| 020 | _a9789941213137 | ||
| 040 | _cGE_BSU | ||
| 041 | _ageo | ||
| 080 | _a004.78:339.176(73) ბ-42 | ||
| 245 |
_aბეზოსი ჯეფ [Amazon.com-ის დამფუძნებელი ] ბიზნესის გენია 5 / _cშემდ. : ქრისტინა აბრამია, ნინო ჩაჩუა ; მთ. რედ. ნინო დეკანოსიძე ; რედ. ხათუნა ნონიაშვილი. |
||
| 264 |
_aთბილისი : _bპალიტრა L, _c2013. |
||
| 300 |
_a84 გვ. : _bფოტ. ; _c20 სმ. |
||
| 490 |
_aბიზნესის გენია 2298-0989 _v ტ. 5 |
||
| 501 | _aგამოყენებული ფოტომასალა გვ. : 82-83 | ||
| 541 | _h3ლ.75თ. | ||
| 653 | _aბეზოსი ჯეფ [Amazon.com-ის დამფუძნებელი ] ბიზნესის გენია ტ. 5 | ||
| 653 | _aბეზოსი ჯეფ | ||
| 653 | _aინტერნეტბიზნესი | ||
| 653 | _a ამერიკელი ბიზნესმენები | ||
| 653 | _aეკონომიკა | ||
| 653 | _aსაინფორამციო ტექნოლოგიები | ||
| 700 |
_aაბრამია, ქრისტინა _eშემდგენელი _915788 |
||
| 700 |
_aჩაჩუა, ნინო _eშემდგენელი _915789 |
||
| 700 |
_aდეკანოსიძე, ნინო _eმთ. რედაქტორი _915790 |
||
| 700 |
_aნონიაშვილი, ხათუნა _eრედაქტორი _915791 |
||
| 942 |
_cBK _2udc |
||